Biggest Military Spenders (as a percentage of GDP) - Statistics

General Stats
  • This quiz has been taken 5,073 times
  • The average score is 9 of 20
Answer Stats
Hint Answer % Correct
4.7% United States of America
98%
3.9% Russia
87%
6.5% Israel
72%
5.4% Iraq
71%
10.1% Saudi Arabia
68%
4.0% Syria
63%
6.9% United Arab Emirates
56%
9.7% Oman
51%
3.9% Yemen
51%
6.1% Jordan
49%
4.4% Kuwait
48%
4.1% Lebanon
46%
3.8% Algeria
37%
4.2% Armenia
27%
5.1% Georgia
26%
20.9% Eritrea
21%
6.2% Chad
19%
4.2% Angola
12%
3.8% Mauritania
9%
3.8% Burundi
7%
No matching quizzes found
Score Distribution
Percent of People with Each Score
Percentile by Number Answered
Your Score History
You have not taken this quiz